000 00314nam a22001337a 4500
008 170308b xxu||||| |||| 00| 0 eng d
020 _a2900470084709
041 _aeng
080 _23 ED
_a611
100 _a6
101 _aSHM
245 _aLABORATORY MANUAL OR ANATOMY AND PHYSIOLOGY
_cHARPER.A
942 _2udc
_cBK
999 _c7223
_d7223